000 00250nam a2200109Ia 4500
005 20251222114403.0
008 251222s1900||||xx |||||||||||||| ||spa||
082 _aDVD0110/K11/1998
245 0 _aLos Simpsons
264 _b20th century fox
942 _cDVD
999 _c1724
_d1724